Genitori e figli: le regole del gioco (Record n. 210752)
[ formato base ]
| 000 -LEADER | |
|---|---|
| fixed length control field | 01557nam a2200217Ia 4500 |
| 001 - CONTROL NUMBER | |
| control field | b6305-44753 |
| 003 - CONTROL NUMBER IDENTIFIER | |
| control field | IT-MiCISF |
| 008 - FIXED-LENGTH DATA ELEMENTS--GENERAL INFORMATION | |
| fixed length control field | 161014s9999||||xx |||||||||||||| ||und|| |
| 040 ## - CATALOGING SOURCE | |
| Original cataloging agency | IT-MiCISF |
| Transcribing agency | IT-MiCISF |
| 041 ## - LANGUAGE CODE | |
| Language code of text/sound track or separate title | it |
| 999 ## - SYSTEM CONTROL NUMBERS (KOHA) | |
| Koha Dewey Subclass [OBSOLETE] | si |
| 100 ## - MAIN ENTRY--PERSONAL NAME | |
| Personal name | Ulsamer Gabriele |
| 245 #0 - TITLE STATEMENT | |
| Title | Genitori e figli: le regole del gioco |
| Remainder of title | Secondo la teoria delle costellazioni familiari |
| 250 ## - EDITION STATEMENT | |
| Edition statement | 1a ed. |
| 260 ## - PUBLICATION, DISTRIBUTION, ETC. (IMPRINT) | |
| Place of publication, distribution, etc. | Torino |
| Name of publisher, distributor, etc. | Edizioni L'Età dell'Acquario |
| Date of publication, distribution, etc. | 2008 [Edizione originale: 2006] |
| 300 ## - PHYSICAL DESCRIPTION | |
| Extent | pp. 139 |
| 500 ## - GENERAL NOTE | |
| General note | / genitorialità, funzionamento-familiare, educazione-familiare / In questo manuale sull'educazione dei figli gli AA., basandosi sulle teorie di Bert Hellinger, analizzano l'importanza degli «ordini dell'amore» in seno al nucleo familiare e la «struttura profonda» su cui esso si basa. Negli ordini dell'amore sono fondamentali, ad esempio, l'equilibrio tra dare e prendere, i concetti di merito e gratitudine, di colpa e perdono, il giusto modo di ripartire obblighi e responsabilità, i problemi legati all'appartenenza e all'esclusione, la parità nel rapporto di coppia, l'accettazione del proprio destino e di quello del resto della famiglia e, in particolare, il modo corretto di stringere legami e di capire quando è il momento giusto per lasciare che i figli scelgano la loro strada. Un manuale per genitori e famiglie nuovo e originale, estremamente pratico e «pronto per l'uso». |
| 650 ## - SUBJECT ADDED ENTRY--TOPICAL TERM | |
| Topical term or geographic name as entry element | Genitorialità e problemi educativi / genitorialità |
| Relator term | 004 |
| 700 ## - ADDED ENTRY--PERSONAL NAME | |
| Personal name | Ulsamer Bertold |
| 942 ## - ADDED ENTRY ELEMENTS (KOHA) | |
| Koha item type | LIBRO |
| 957 ## - | |
| -- | 1 |
| 999 ## - SYSTEM CONTROL NUMBERS (KOHA) | |
| -- | 1 |
| Withdrawn status | Lost status | Damaged status | Not for loan | Home library | Current library | Date acquired | Total Checkouts | Full call number | Date last seen | Price effective from | Koha item type | Public note |
|---|---|---|---|---|---|---|---|---|---|---|---|---|
| Buone Condizioni | Not For Loan | CISF - Milano | CISF - Milano | 14/10/2016 | b6305-44753 | 14/10/2016 | 14/10/2016 | LIBRO | Data import 15.10.2016 / by Epidotti, Vaglietti |